00727nam a2200193Ia 4500003000900000008004100009040001600050080001700066100003500083245010600118260006400224300001400288650004100302650002200343650002800365942000700393999001500400952011800415IN-BaIIA211028s9999 xx 000 0 eng d cIIA Library a524.3-4bFRA aFrank-Kamenetskii, D. A.94076 0aPhysical processes in stellar interiorscD. A. Frank-Kamenetskii  aJerusalembIsrael Program for Scientific Translationsc1962 axi, 337p. aAstronomy and astrophysics thesaurus aStellar structure aSteller interiors94077 cBK c2278d2278 00104070aBANbBANcGENd0000-00-00g66.00l0o524.3-4/ FRAp2551r2021-11-05v66.00w0000-00-00yBKGRs. 66.00